000
00295nam a2200097Ia 4500
008
230915s9999 xx 000 0 und d
050
_a
HD38.5.C76 2012
100
_a
BARRY CROCKER
245
0
_a
INBOUND LOGISITICS MANAGEMENT: STORAGE AND SUPPLY MATERIALS FOR THE MODERN SUPPLY CHAIN
942
_c
BK
999
_c
76691
_d
76691